| 000 | 01321nam a2200313Ia 4500 | ||
|---|---|---|---|
| 001 | ebr10354598 | ||
| 003 | CaPaEBR | ||
| 006 | m u | ||
| 007 | cr cn||||||||| | ||
| 008 | 080528s2008 iaua sb 001 0 eng d | ||
| 020 | _z9781587296260 | ||
| 020 | _z1587296268 | ||
| 040 |
_aCaPaEBR _cCaPaEBR |
||
| 035 | _a(OCoLC)297118443 | ||
| 050 | 1 | 4 |
_aPN2582.P82 _bZ37 2008eb |
| 100 | 1 |
_aZarhy-Levo, Yael, _d1948- |
|
| 245 | 1 | 4 |
_aThe making of theatrical reputations _h[electronic resource] : _bstudies from the modern London theatre / _cYael Zarhy-Levo. |
| 260 |
_aIowa City, IA : _bUniversity of Iowa Press, _cc2008. |
||
| 300 |
_ax, 290 p. : _bill. |
||
| 490 | 1 | _aStudies in theatre history and culture | |
| 504 | _aIncludes bibliographical references (p.[257]-277) and index. | ||
| 533 |
_aElectronic reproduction. _bPalo Alto, Calif. : _cebrary, _d2011. _nAvailable via World Wide Web. _nAccess may be limited to ebrary affiliated libraries. |
||
| 650 | 0 |
_aTheater _xPublic relations _zGreat Britain. |
|
| 650 | 0 |
_aDramatic criticism _zGreat Britain. |
|
| 655 | 7 |
_aElectronic books. _2local |
|
| 710 | 2 | _aebrary, Inc. | |
| 830 | 0 | _aStudies in theatre history and culture. | |
| 856 | 4 | 0 |
_uhttp://site.ebrary.com/lib/rucke/Doc?id=10354598 _zAn electronic book accessible through the World Wide Web; click to view |
| 999 |
_c44789 _d44789 |
||